[Event "II LIGA CENTRALNE SRBIJE-ISTOK"]
[Site "Leskovac"]
[Date "2014.09.26"]
[Round "3.1"]
[White "Djingarova, Emilia *"]
[Black "Djukic, Nebojsa"]
[Result "0-1"]
[WhiteElo "2234"]
[BlackElo "2145"]
[PlyCount "45"]
[EventDate "2014.09.25"]

1. Nf3 d5 2. g3 c6 3. Bg2 Bf5 4. c4 e6 5. Qb3 Qb6 6. d3 Nd7 7. Be3 dxc4 8. dxc4
Bc5 9. Bxc5 Nxc5 10. Qa3 Nf6 11. O-O O-O 12. b4 Na6 13. b5 cxb5 14. cxb5 Nc7
15. Nc3 Ne4 16. Nxe4 Bxe4 17. Qb4 Bxf3 18. Bxf3 Nxb5 19. Rfd1 Rfd8 20. e3 Nd6
21. Qa4 a6 22. Rab1 Qc7 23. Qf4 {...} 0-1

[Event "II LIGA CENTRALNE SRBIJE-ISTOK"]
[Site "Leskovac"]
[Date "2014.09.26"]
[Round "3.1"]
[White "Ristic, Nebojsa B"]
[Black "Mincic, Srbislav"]
[Result "1/2-1/2"]
[WhiteElo "2308"]
[BlackElo "2232"]
[PlyCount "48"]
[EventDate "2014.09.25"]

1. d4 d5 2. c4 Nc6 3. cxd5 Qxd5 4. e3 e5 5. Nc3 Bb4 6. Bd2 Bxc3 7. Bxc3 exd4 8.
Ne2 Nge7 9. Nxd4 Nxd4 10. Qxd4 Qxd4 11. Bxd4 f6 12. Bc4 Nc6 13. Bc3 Bd7 14.
O-O-O O-O-O 15. f3 Rhe8 16. e4 Ne5 17. Bb3 Bb5 18. Rxd8+ Rxd8 19. Be6+ Bd7 20.
Bxd7+ Rxd7 21. Rd1 c5 22. b3 b5 23. Rxd7 Kxd7 24. Kd2 Ke6 1/2-1/2

[Event "II LIGA CENTRALNE SRBIJE-ISTOK"]
[Site "Leskovac"]
[Date "2014.09.26"]
[Round "3.1"]
[White "Dimitrijevic, Dusan *"]
[Black "Cvetanovic, Uros **"]
[Result "0-1"]
[WhiteElo "2097"]
[BlackElo "2323"]
[PlyCount "56"]
[EventDate "2014.09.25"]

1. e4 c5 2. Nc3 a6 3. g3 b5 4. Bg2 Bb7 5. d3 g6 6. Be3 d6 7. Qd2 Bg7 8. Nge2
Nc6 9. O-O Nd4 10. Nd1 Qc7 11. Nc1 Nf6 12. c3 Ne6 13. Bh6 Bxh6 14. Qxh6 d5 15.
exd5 Bxd5 16. Bxd5 Nxd5 17. Nb3 Nf6 18. Ne3 Ng8 19. Qh3 Nf6 20. Qh6 Rd8 21.
Rad1 g5 22. Rfe1 Rg8 23. Nf5 Rg6 24. Qh3 g4 25. Qg2 Kf8 26. d4 c4 27. Rxe6 fxe6
28. Nc5 Qxc5 0-1

[Event "II LIGA CENTRALNE SRBIJE-ISTOK"]
[Site "Leskovac"]
[Date "2014.09.26"]
[Round "3.1"]
[White "Mladenovic, Stefan **"]
[Black "Tonic, Milos *"]
[Result "1-0"]
[WhiteElo "2336"]
[BlackElo "1988"]
[PlyCount "43"]
[EventDate "2014.09.25"]

1. d4 Nf6 2. Nf3 e6 3. c4 b6 4. g3 Bb7 5. Bg2 Bb4+ 6. Bd2 a5 7. O-O Bxd2 8.
Qxd2 O-O 9. Nc3 d6 10. Qc2 Nbd7 11. e4 e5 12. d5 Nc5 13. Nd2 Qe7 14. f4 Nfd7
15. Nb5 c6 16. Nc3 cxd5 17. exd5 Rae8 18. Rae1 f6 19. a3 Na6 20. Qb1 Qd8 21.
Nb5 Ndb8 22. Ne4 1-0

[Event "II LIGA CENTRALNE SRBIJE-ISTOK"]
[Site "Leskovac"]
[Date "2014.09.26"]
[Round "3.1"]
[White "Trickovic, Borivoje"]
[Black "Livaja, Mario"]
[Result "1/2-1/2"]
[WhiteElo "2231"]
[BlackElo "2262"]
[PlyCount "55"]
[EventDate "2014.09.25"]

1. Nf3 Nf6 2. b3 d6 3. c4 c5 4. d4 cxd4 5. Nxd4 e6 6. g3 Be7 7. Bg2 O-O 8. O-O
a6 9. Nc3 Qc7 10. Bb2 Nc6 11. Rc1 Nxd4 12. Qxd4 Bd7 13. h3 Rac8 14. Rfd1 Rfd8
15. Qf4 Qb8 16. Ba3 Bc6 17. e4 b5 18. cxb5 axb5 19. Bb4 Ne8 20. Qe3 Bf6 21. Ne2
Bd7 22. Rxc8 Bxc8 23. Qd3 h6 24. Nd4 Bd7 25. a3 Qb6 26. Nc2 Bc6 27. Ne3 Be7 28.
Nc2 1/2-1/2

[Event "II LIGA CENTRALNE SRBIJE-ISTOK"]
[Site "Leskovac"]
[Date "2014.09.26"]
[Round "3.1"]
[White "Todorovic, Nenad I **"]
[Black "Petrov, Georgi"]
[Result "1-0"]
[WhiteElo "2163"]
[BlackElo "2203"]
[PlyCount "69"]
[EventDate "2014.09.25"]

1. e4 e6 2. d4 d5 3. Nd2 dxe4 4. Nxe4 Nd7 5. Bd3 Ngf6 6. Qe2 Be7 7. Nf3 O-O 8.
Bg5 c5 9. Nxc5 Nxc5 10. dxc5 Qa5+ 11. c3 Qxc5 12. O-O-O a5 13. h4 a4 14. a3 Qc7
15. Ne5 Ra5 16. f4 Nd5 17. Bxe7 Qxe7 18. Qe4 f5 19. Qf3 Rc5 20. Bc4 Rd8 21.
Bxd5 Rcxd5 22. h5 b6 23. Rxd5 Rxd5 24. h6 g6 25. Qe3 Qc7 26. Rd1 Bb7 27. Rxd5
Bxd5 28. g3 Qd8 29. g4 fxg4 30. Nxg4 Qh4 31. Qe2 Qh1+ 32. Kd2 Qb1 33. Qb5 Kf8
34. Nf6 Ke7 35. Nxd5+ 1-0

[Event "II LIGA CENTRALNE SRBIJE-ISTOK"]
[Site "Leskovac"]
[Date "2014.09.26"]
[Round "3.1"]
[White "Kostic, Aleksandar *"]
[Black "Ostojic, Nikola M"]
[Result "0-1"]
[WhiteElo "1976"]
[BlackElo "2052"]
[PlyCount "90"]
[EventDate "2014.09.25"]

1. e4 c5 2. Nc3 e6 3. g3 Nc6 4. Bg2 g6 5. d3 Bg7 6. Be3 d6 7. Qd2 Rb8 8. Nf3
Nd4 9. O-O Ne7 10. Ne1 h5 11. h4 b5 12. Nd1 b4 13. c3 bxc3 14. bxc3 Ndc6 15.
Nc2 Ne5 16. f3 Qa5 17. d4 Nc4 18. Qf2 Nxe3 19. Qxe3 Ba6 20. Re1 O-O 21. g4 hxg4
22. fxg4 cxd4 23. Nxd4 Rfc8 24. Bf1 Bc4 25. Bxc4 Rxc4 26. Nb3 Qb6 27. Qxb6 Rxb6
28. Rc1 Ra4 29. Rc2 d5 30. Nd2 Rba6 31. Re2 Rxa2 32. Nb1 Rxc2 33. Rxc2 Rb6 34.
Nd2 dxe4 35. Nxe4 Rb1 36. Nef2 Nc6 37. Kg2 Kf8 38. Kf3 Ke7 39. Rd2 Rb3 40. Ne4
f5 41. Nc5 Rb5 42. Rd7+ Ke8 43. Rxg7 Rxc5 44. Rxg6 Ne5+ 45. Ke3 Nxg6 0-1

[Event "II LIGA CENTRALNE SRBIJE-ISTOK"]
[Site "Leskovac"]
[Date "2014.09.26"]
[Round "3.2"]
[White "Dmitrovic, Tomislav"]
[Black "Popovic, Djordje D"]
[Result "1/2-1/2"]
[WhiteElo "2256"]
[BlackElo "2225"]
[PlyCount "25"]
[EventDate "2014.09.25"]

1. e4 c5 2. Nc3 g6 3. f4 Nc6 4. Nf3 d6 5. Bb5 Bg7 6. O-O Bd7 7. d3 e6 8. Bxc6
Bxc6 9. Qe1 Ne7 10. a4 b6 11. Bd2 Qd7 12. a5 b5 13. Nd1 1/2-1/2

[Event "II LIGA CENTRALNE SRBIJE-ISTOK"]
[Site "Leskovac"]
[Date "2014.09.26"]
[Round "3.2"]
[White "Trifunovic, Miroljub"]
[Black "Stefanovic, Vladimir"]
[Result "1/2-1/2"]
[WhiteElo "2259"]
[BlackElo "2218"]
[PlyCount "22"]
[EventDate "2014.09.25"]

1. d4 Nf6 2. Nf3 g6 3. g3 Bg7 4. Bg2 O-O 5. O-O c5 6. d5 d6 7. c4 e6 8. Nc3
exd5 9. cxd5 Re8 10. Nd2 a6 11. a4 Nbd7 1/2-1/2

[Event "II LIGA CENTRALNE SRBIJE-ISTOK"]
[Site "Leskovac"]
[Date "2014.09.26"]
[Round "3.2"]
[White "Maksimovic, Boban"]
[Black "Ljuboja, Ognjen **"]
[Result "1-0"]
[WhiteElo "2204"]
[BlackElo "1840"]
[PlyCount "63"]
[EventDate "2014.09.25"]

1. c4 Nf6 2. Nc3 c5 3. g3 g6 4. Bg2 Bg7 5. e4 d6 6. Nge2 Nc6 7. h3 O-O 8. O-O
Rb8 9. d3 a6 10. Be3 Ne8 11. d4 cxd4 12. Nxd4 Nc7 13. f4 Nxd4 14. Bxd4 Bxd4+
15. Qxd4 Ne6 16. Qa7 Bd7 17. f5 Nc5 18. Nd5 Bc6 19. Qb6 Bxd5 20. Qxd8 Rfxd8 21.
exd5 b5 22. Rae1 Rd7 23. cxb5 axb5 24. Re3 Ra7 25. b4 Na4 26. f6 Kf8 27. Rc1
exf6 28. Rc6 Nb6 29. Re2 Nc4 30. Rf2 Ke7 31. Bf1 Ne5 32. Rc3 {...} 1-0

[Event "II LIGA CENTRALNE SRBIJE-ISTOK"]
[Site "Leskovac"]
[Date "2014.09.26"]
[Round "3.2"]
[White "Blagojevic, Nikola"]
[Black "Milosevic, Jovana **"]
[Result "0-1"]
[WhiteElo "1662"]
[BlackElo "2038"]
[PlyCount "86"]
[EventDate "2014.09.25"]

1. Nf3 d5 2. d4 c6 3. c4 e6 4. Bf4 Nf6 5. e3 Be7 6. Bd3 O-O 7. O-O Nbd7 8. Nc3
dxc4 9. Bxc4 b5 10. Bd3 Bb7 11. Ne5 a6 12. Rc1 c5 13. Nxd7 Nxd7 14. Be4 Qb6 15.
Bxb7 Qxb7 16. dxc5 Nxc5 17. Qe2 b4 18. Nb1 Rfd8 19. Rfd1 Rac8 20. Rxd8+ Rxd8
21. Rd1 Rxd1+ 22. Qxd1 Qe4 23. b3 h6 24. Kf1 Qc6 25. f3 a5 26. Qc2 Qa6+ 27. Qe2
Qb7 28. Qc4 Qd7 29. Ke2 a4 30. Nd2 Qb7 31. Ne4 Nxe4 32. Qxe4 Qa6+ 33. Qd3 Qc6
34. Kd2 Bf6 35. Qc4 Bc3+ 36. Kc2 axb3+ 37. Kxb3 Qd7 38. Qe2 Qd5+ 39. Ka4 Qa8+
40. Kb5 Qb7+ 41. Kc5 b3 42. axb3 Bb4+ 43. Kd4 Qd5# 0-1

[Event "II LIGA CENTRALNE SRBIJE-ISTOK"]
[Site "Leskovac"]
[Date "2014.09.26"]
[Round "3.2"]
[White "Lazovic, Bozidar **"]
[Black "Milic, Ivica"]
[Result "1-0"]
[WhiteElo "1866"]
[BlackElo "2013"]
[PlyCount "65"]
[EventDate "2014.09.25"]

1. e4 c6 2. d3 d5 3. Nd2 dxe4 4. dxe4 Nf6 5. Ngf3 Bg4 6. Be2 e6 7. O-O Be7 8.
c3 O-O 9. Qc2 Qc7 10. Nc4 Nbd7 11. Bg5 h6 12. Bh4 Bxf3 13. Bxf3 Ne5 14. Nxe5
Qxe5 15. Bg3 Qb5 16. c4 Qc5 17. e5 Nd7 18. b4 Qb6 19. a3 a5 20. c5 Qc7 21. Qe4
Ra7 22. Be2 Rfa8 23. Bd3 Nf8 24. Rab1 axb4 25. axb4 Ra4 26. Bc2 Ra2 27. h4 Rd8
28. h5 Rd2 29. Bb3 Ra8 30. Bf4 Rd7 31. Be3 Rad8 32. Bc4 Ra8 33. f4 1-0

[Event "II LIGA CENTRALNE SRBIJE-ISTOK"]
[Site "Leskovac"]
[Date "2014.09.26"]
[Round "3.2"]
[White "Ivic, Matija **"]
[Black "Zafirovski, Mite"]
[Result "1/2-1/2"]
[WhiteElo "1960"]
[BlackElo "2260"]
[Annotator ",Micko"]
[PlyCount "34"]
[EventDate "2014.09.25"]

1. Nf3 Nf6 2. g3 d5 3. c4 e6 4. Bg2 Be7 5. O-O O-O 6. d3 c5 7. b3 Nc6 8. Bb2 d4
9. e4 e5 10. Nbd2 Ne8 11. Qe2 g6 12. Ne1 Ng7 13. f4 Qc7 14. Bc1 Bd6 15. fxe5
Nxe5 16. Ndf3 Bg4 17. Bh6 f6 {...} 1/2-1/2

[Event "II LIGA CENTRALNE SRBIJE-ISTOK"]
[Site "Leskovac"]
[Date "2014.09.26"]
[Round "3.5"]
[White "Nikolic, Stanimir"]
[Black "Dinic, Dragan"]
[Result "0-1"]
[WhiteElo "2251"]
[BlackElo "2310"]
[PlyCount "28"]
[EventDate "2014.09.25"]

1. e4 e5 2. Nf3 Nf6 3. Nc3 Nc6 4. Bb5 Bc5 5. O-O Nd4 6. Ba4 O-O 7. Nxe5 d6 8.
Nd3 Bb6 9. Nf4 c6 10. Nh5 Ng4 11. h3 Qh4 12. d3 Qxh5 13. hxg4 Bxg4 14. Qd2 Nf3+
0-1

[Event "II LIGA CENTRALNE SRBIJE-ISTOK"]
[Site "Leskovac"]
[Date "2014.09.26"]
[Round "3.5"]
[White "Trifunovic, Borisav"]
[Black "Kostic, Tomislav **"]
[Result "0-1"]
[WhiteElo "1920"]
[BlackElo "2004"]
[PlyCount "62"]
[EventDate "2014.09.25"]

1. d4 Nf6 2. c4 e6 3. Nf3 b6 4. Nc3 Bb4 5. Bg5 h6 6. Bh4 g5 7. Bg3 Ne4 8. Qd3
Bb7 9. d5 Bxc3+ 10. bxc3 Nxg3 11. hxg3 d6 12. dxe6 Qf6 13. Qd4 Ke7 14. exf7 Nd7
15. O-O-O Kxf7 16. e3 Nc5 17. Bd3 Rae8 18. Qxf6+ Kxf6 19. Rh2 Kg7 20. Nd4 Nxd3+
21. Rxd3 Re5 22. f4 Re4 23. g4 Bc8 24. g3 Bxg4 25. f5 Kf6 26. Rf2 Rhe8 27. Kd2
h5 28. a3 R4e5 29. Rh2 Ra5 30. Nc2 Rc5 31. Rd5 Rxd5+ 0-1

[Event "II LIGA CENTRALNE SRBIJE-ISTOK"]
[Site "Leskovac"]
[Date "2014.09.26"]
[Round "3.5"]
[White "Marjanovic, Toplica"]
[Black "Kostic, Marko **"]
[Result "1/2-1/2"]
[WhiteElo "1778"]
[BlackElo "1848"]
[PlyCount "23"]
[EventDate "2014.09.25"]

1. d4 d5 2. f4 e6 3. e4 Nf6 4. Bd3 Nbd7 5. Nf3 b6 6. b3 Bb7 7. O-O h5 8. Ne5
Nxe4 9. f5 Nxe5 10. fxe6 f5 11. dxe5 g6 12. c4 1/2-1/2

[Event "II LIGA CENTRALNE SRBIJE-ISTOK"]
[Site "Leskovac"]
[Date "2014.09.26"]
[Round "3.5"]
[White "Milutinovic, Bojan"]
[Black "Rajkovic, Aleksandar"]
[Result "0-1"]
[WhiteElo "1740"]
[BlackElo "2133"]
[PlyCount "32"]
[EventDate "2014.09.25"]

1. e4 e5 2. Nf3 Nc6 3. Bc4 Bc5 4. c3 Nf6 5. d4 exd4 6. cxd4 Bb4+ 7. Nc3 d5 8.
exd5 Nxd5 9. O-O Bxc3 10. bxc3 O-O 11. Bg5 Qd6 12. Qd2 Bg4 13. Ne5 Be6 14. Nxc6
Qxc6 15. Bb5 Qxb5 16. a3 Rae8 0-1

[Event "II LIGA CENTRALNE SRBIJE-ISTOK"]
[Site "Leskovac"]
[Date "2014.09.26"]
[Round "3.6"]
[White "Djoric, Dusan"]
[Black "Petrovic, Dragan R"]
[Result "1/2-1/2"]
[WhiteElo "2273"]
[BlackElo "2157"]
[PlyCount "34"]
[EventDate "2014.09.25"]

1. Nf3 d6 2. d4 g6 3. e4 Bg7 4. Nc3 Nf6 5. h3 O-O 6. Be2 b6 7. O-O Bb7 8. Bd3
Nbd7 9. d5 Nc5 10. Re1 Nxd3 11. Qxd3 c5 12. Bf4 a6 13. a4 Rc8 14. Qc4 Nd7 15.
e5 dxe5 16. Nxe5 Nxe5 17. Bxe5 Qd7 1/2-1/2

[Event "II LIGA CENTRALNE SRBIJE-ISTOK"]
[Site "Leskovac"]
[Date "2014.09.26"]
[Round "3.6"]
[White "Kraguljac, Pero"]
[Black "Zlatanovic, Zoran"]
[Result "1/2-1/2"]
[WhiteElo "2128"]
[BlackElo "2154"]
[PlyCount "41"]
[EventDate "2014.09.25"]

1. Nf3 Nf6 2. g3 g6 3. Bg2 Bg7 4. O-O O-O 5. d3 d5 6. c3 a5 7. Qc2 Nc6 8. e4 e5
9. Re1 h6 10. Nbd2 Re8 11. Nf1 Be6 12. a3 a4 13. N1d2 Qd7 14. exd5 Nxd5 15. Ne4
Qe7 16. Nxe5 Nb6 17. Nd2 Na5 18. Nec4 Nbxc4 19. Nxc4 Nb3 20. Rd1 Nxc1 21. Rdxc1
1/2-1/2

[Event "II LIGA CENTRALNE SRBIJE-ISTOK"]
[Site "Leskovac"]
[Date "2014.09.26"]
[Round "3.6"]
[White "Nadj, Vanja"]
[Black "Milutinovic, Stefana**"]
[Result "0-1"]
[WhiteElo "1979"]
[BlackElo "2041"]
[PlyCount "140"]
[EventDate "2014.09.25"]

1. e4 c5 2. Nf3 d6 3. d3 Nc6 4. c3 g6 5. g3 Bg7 6. Bg2 e6 7. O-O Nge7 8. Re1
O-O 9. Nbd2 Rb8 10. Nf1 b5 11. h4 h5 12. Bg5 b4 13. Qd2 bxc3 14. bxc3 Qa5 15.
Rec1 Qa3 16. Rc2 Kh7 17. Ne3 d5 18. e5 Ng8 19. d4 Na5 20. Re1 Bd7 21. Qc1 Qxc1
22. Rexc1 Ba4 23. Rd2 Rfc8 24. Re1 Bf8 25. g4 cxd4 26. Rxd4 Bb5 27. gxh5 gxh5
28. Nd1 Rc4 29. Kh1 Nc6 30. Rf4 Rb7 31. Nd4 Nxd4 32. cxd4 Bb4 33. Rg1 Bd2 34.
Ne3 Rc1 35. Bf3 Rxg1+ 36. Kxg1 Kg6 37. Bd1 Bd3 38. Bb3 Rc7 39. Rf3 Rc1+ 40. Nd1
Bxg5 41. Rxd3 Bxh4 42. Rh3 Bd8 43. Rg3+ Kh7 44. Kg2 h4 45. Rf3 Nh6 46. Ne3 Bg5
47. Nc2 Kg7 48. Ba4 Nf5 49. Rd3 Ne7 50. Rc3 Ng6 51. Rc7 Nf4+ 52. Kh2 Rf1 53.
Rc3 Rxf2+ 54. Kg1 Rd2 55. Bb5 h3 56. Bf1 h2+ 57. Kh1 Rf2 58. Ne3 Nh5 59. Ng4
Rxf1+ 60. Kxh2 Rd1 61. Rc7 Rxd4 62. Nf6 Nxf6 63. exf6+ Bxf6 64. Rxa7 Rd2+ 65.
Kg3 d4 66. Kf3 Rd3+ 67. Ke2 Rb3 68. a4 d3+ 69. Kd2 Ra3 70. Kd1 Bc3 0-1

[Event "II LIGA CENTRALNE SRBIJE-ISTOK"]
[Site "Leskovac"]
[Date "2014.09.26"]
[Round "3.6"]
[White "Miljkovic, Jovana **"]
[Black "Pavlovic, Branka *"]
[Result "1-0"]
[WhiteElo "1884"]
[BlackElo "1829"]
[PlyCount "71"]
[EventDate "2014.09.25"]

1. d4 Nf6 2. c4 c5 3. d5 e6 4. Nc3 exd5 5. Nxd5 Nxd5 6. Qxd5 Be7 7. Nf3 Nc6 8.
Bf4 d6 9. e3 Be6 10. Qd2 Qc7 11. Ng5 O-O 12. Bd3 h6 13. Bh7+ Kh8 14. Nxe6 fxe6
15. Bc2 Nb4 16. Bb1 e5 17. Bg3 Bf6 18. a3 Nc6 19. O-O Rad8 20. Rd1 Qf7 21. Ba2
a5 22. Qd5 Qxd5 23. Rxd5 Ne7 24. Rd2 Nf5 25. Rad1 Nxg3 26. hxg3 Be7 27. Bb1 Rf6
28. Be4 Rb8 29. Bd3 Kg8 30. Rb1 b6 31. b3 g5 32. Rbb2 Rff8 33. g4 Kg7 34. Be4
Bd8 35. Ra2 Bc7 36. Ra1 1-0

[Event "II LIGA CENTRALNE SRBIJE-ISTOK"]
[Site "Leskovac"]
[Date "2014.09.26"]
[Round "3.6"]
[White "Jankovic, Uros **"]
[Black "Zlatanovic, Jovana **"]
[Result "1/2-1/2"]
[WhiteElo "1741"]
[BlackElo "1757"]
[PlyCount "23"]
[EventDate "2014.09.25"]

1. e4 c5 2. Nf3 d6 3. d4 cxd4 4. Nxd4 Nc6 5. Nc3 a6 6. Be2 e5 7. Nb3 Na5 8. Bd3
Be7 9. O-O Nf6 10. Qd2 O-O 11. Nxa5 b5 12. Nxb5 1/2-1/2